LEADER 01338nam a2200313 a 4500 001 000000126334 003 CaOOAMICUS 005 20110916122347.0 008 110916s2011 it a 000 0 ita r 040 $aPUL$bita 082 04$a709.45 245 00$aPerugino /$cpresentazione di Carlo Castellaneta. 250 $aEd. speciale per il Corriere della Sera. 260 $aMilano :$bSkira,$c©2011$aMilano :$bR.C.S. Quotidiani,$c©2011$aMilano :$bR.C.S. Libri,$c©2011. 300 $a189 p. :$bill. ;$c21 cm 490 1 $aI classici dell'arte ;$v32 500 $aInclude indici. 600 04$aPerugino,$dc.1450-1523.$0(OLS)http://pul/subject/38219 700 1 $aCastellaneta, Carlo.$0(OLS)http://pul/name/80362 830 0$aClassici dell'arte ;$v32.$0(OLS)http://pul/title/157612 850 $aPUL 852 $aPUL$W1$xDP2 Cons. Gen., Altre Classi 3$y97$m709. 45 COLL 2.32$j145778$qDDC 21$B144595$CPULBib$Z2$F144595 $H117977 $82 941 1 $a9 996 $6082$a709.45$9(OLS)http://pul/classification/1904 996 $6245$aPerugino$9(OLS)http://pul/title/159549 996 $6260$aMilano :$bSkira$9(OLS)http://pul/publisher/81335 996 $6260$aMilano :$bR.C.S. Quotidiani$9(OLS)http://pul/publisher/79195 996 $6260$aMilano :$bR.C.S. Libri$9(OLS)http://pul/publisher/74600 LEADER 01286nam a2200301 a 4500 001 000000123643 003 CaOOAMICUS 005 20101103133606.0 008 101103t2010 uk u000 u eng r 020 $a978-0-415-48531-9 040 $aPUL$bita 082 04$a225.6 100 1 $aCrossley, James G.$0(OLS)http://pul/name/77921 245 10$aReading the New Testament :$bcontemporary approaches /$cJames G. Crossley. 260 $aLondon ;$aNew York :$bRoutledge,$c©2010. 300 $ax, 188 p. ;$c24 cm. 490 1 $aReading religious texts series 504 $aInclude riferimenti bibliografici ed indice. 630 04$aBiblia.$pN.T.$xCritica e interpretazione.$0(OLS)http://pul/subject/1926 830 0$aReading religious texts series.$0(OLS)http://pul/title/155846 850 $aPUL 852 $aPUL$W1$xSL Religione 3$y85$m225. 6 CROJA 1$j142354$qDDC 21$B141317$CPULBib$Z2$F141317 $H144979 $82 941 1 $a9 996 $6020$a978-0-415-48531-9$9(OLS)http://pul/number/145831 996 $6082$a225.6$9(OLS)http://pul/classification/1734 996 $6245$aReading the New Testament :$bcontemporary approaches$9(OLS)http://pul/title/155845 996 $6260$aLondon ;$aNew York :$bRoutledge$9(OLS)http://pul/publisher/52469 LEADER 00993nam a2200265 u 4500 001 000000063748 003 CaOOAMICUS 005 20070226121259.0 008 011106s1959 nyu u000 u eng u 035 $a10908986 040 $aPUL(R)$bita 100 1 $aPelikán, Jaroslav Jan,$d1923-$0(OLS)http://pul/name/7821 245 14$aThe riddle of roman catholicism /$cJaroslav Pelikan. 260 $aNew York :$bAbingdon Press,$c1959. 300 $a272 p. ;$c24 cm 504 $aBibliografia in nota. 650 4$aChiesa$xStoria.$0(OLS)http://pul/subject/128 850 $aPUL 852 $aPUL$W1$xSL Religione 1$y3$m75 L 38$j82690$nBK-PRI$b $qStampati$B82690$CPULBib$Z2$F82690 $H $81 941 1 $a8 960 $aStoria della chiesa$9128 960 $aStoria ecclesiastica$9128 961 $aINV: 40446 996 $6245$aThe riddle of roman catholicism$9(OLS)http://pul/title/84985 996 $6260$aNew York :$bAbingdon Press$9(OLS)http://pul/publisher/69057